000 00322nam a2200133Ia 4500
005 20260328101527.0
008 260328s9999||||xx |||||||||||||| ||und||
100 _aCastle, Helen
245 0 _aTurkey :
_b At the threshold /
_cHelen Castle
260 _bJohn Wiley & Sons
300 _a144 p.
650 _aASIA
942 _cBK
999 _c9812
_d9812